ARRUPE JESUIT UNIVERSITY

CORONAVIRUS -STOP THE SPREAD - CLEAN,DISINFECT,COVER

The occult sciences in the Renaissance; (Record no. 123018)

MARC details
000 -LEADER
fixed length control field 00787nam a2200265 4500
005 - DATE AND TIME OF LATEST TRANSACTION
control field 20150720133200.0
008 - FIXED-LENGTH DATA ELEMENTS--GENERAL INFORMATION
fixed length control field 720731s1972 caua b 001 0 eng
010 ## - LIBRARY OF CONGRESS CONTROL NUMBER
LC control number 70153552
020 ## - INTERNATIONAL STANDARD BOOK NUMBER
International Standard Book Number 0520020219
035 ## - SYSTEM CONTROL NUMBER
System control number AAB7654LB
035 ## - SYSTEM CONTROL NUMBER
System control number (OCoLC)ocm00363136
040 ## - CATALOGING SOURCE
Original cataloging agency DLC
Transcribing agency DLC
Modifying agency m.c.
-- SMI
-- WaOLN
049 ## - LOCAL HOLDINGS (OCLC)
Holding library SMIH
050 ## - LIBRARY OF CONGRESS CALL NUMBER
Classification number BF1429
Item number .S58
099 ## - LOCAL FREE-TEXT CALL NUMBER (OCLC)
Classification number BF1429.S58X
100 1# - MAIN ENTRY--PERSONAL NAME
Personal name Shumaker, Wayne
9 (RLIN) 18461
245 14 - TITLE STATEMENT
Title The occult sciences in the Renaissance;
Remainder of title a study in intellectual patterns.
260 ## - PUBLICATION, DISTRIBUTION, ETC. (IMPRINT)
Place of publication, distribution, etc Berkeley,
Name of publisher, distributor, etc University of California Press
Date of publication, distribution, etc [1972]
300 ## - PHYSICAL DESCRIPTION
Extent xxi, 284 p.
Other physical details illus.
Dimensions 26 cm.
504 ## - BIBLIOGRAPHY, ETC. NOTE
Bibliography, etc Bibliography: p. 260-266.
650 #0 - SUBJECT ADDED ENTRY--TOPICAL TERM
Topical term or geographic name as entry element Occultism
General subdivision History
9 (RLIN) 18462
650 #0 - SUBJECT ADDED ENTRY--TOPICAL TERM
Topical term or geographic name as entry element Renaissance
9 (RLIN) 2590
942 ## - ADDED ENTRY ELEMENTS (KOHA)
Source of classification or shelving scheme Library of Congress Classification
Item type Monograph ( Printed materials)
945 ## - LOCAL PROCESSING INFORMATION (OCLC)
a RCP005
Holdings
Withdrawn status Lost status Source of classification or shelving scheme Damaged status Not for loan Collection code Home library Current library Shelving location Date acquired Total Checkouts Full call number Barcode Date last seen Price effective from Koha item type
    Library of Congress Classification     Main Collection ARRUPE LIBRARY ARRUPE LIBRARY Main Collection 20/07/2015   BF1429 .S58 46500004410 12/09/2016 20/07/2015 Monograph ( Printed materials)

 

Arrupe Library. PO Box MP320 Mt Pleasant, Harare, Zimbabwe
263 242 745411|librarian@aju.ac.zw